| 000 | 00766nam a2200169 4500 | ||
|---|---|---|---|
| 001 | 136073 | ||
| 003 | ES-MaACL | ||
| 005 | 20230906195029.0 | ||
| 007 | t| | ||
| 008 | 070214s1960 sp r ||||1| spa d | ||
| 100 | 1 |
_aRuiz Morales, José Miguel. _9100880 |
|
| 245 | 1 | 0 |
_aRelaciones culturales entre España y el mundo árabe _b: conferencia pronunciada en la inauguración del año académico, 11 noviembre 1959 / _cpor el Excmo.Sr. Don José Miguel Ruiz Morales. |
| 260 |
_aMadrid : _bInstituto de Estudios Islámicos en Madrid, Departamento de Relaciones Culturales, _c1960. |
||
| 300 |
_a48 p. ; _c26 cm. |
||
| 710 | 2 |
_aInstituto Egipcio de Estudios Islámicos (Madrid). _bDepartamento de Relaciones Culturales. _95031 |
|
| 852 |
_aES-MaACL _j2028-F-31 _bR.47128 |
||
| 999 |
_c136073 _d136073 |
||